| 000 | 00815nam a22002652a 4500 | ||
|---|---|---|---|
| 001 | 22445 | ||
| 003 | BD-RJUL | ||
| 005 | 20211209000816.0 | ||
| 008 | 140308s19541942xx 000 0 eng d | ||
| 035 | _a(BD-RJUL)22510 | ||
| 040 |
_aKSU _cKSU _dEQO _beng |
||
| 041 | _aeng | ||
| 082 |
_a824.08 _bBOO 1954 |
||
| 090 |
_aPR922 _b.W54 1951 |
||
| 100 | 1 |
_aWilliams, W. E. _q(William Emrys), _d1896-1977 _969320 |
|
| 245 | 1 | 2 |
_aA book of English essays / _cselected by W. E. Williams |
| 250 | _aNew & enl. ed | ||
| 260 |
_aHarmondsworth, Middlesex, Eng ; _aNew York : _bPenguin books limited, _cC1942[reprinting1954] |
||
| 300 |
_a378 p. : _billus. ; _c18 cm. |
||
| 490 | 1 | _aPelican books | |
| 500 | _a"First published 1942." | ||
| 650 | 0 |
_aEnglish essays _969321 |
|
| 830 | 0 |
_aPelican books _910435 |
|
| 942 |
_2ddc _cBK |
||
| 999 |
_c22445 _d22445 |
||